[Event "Vienna op 16th"]
[Site "Vienna"]
[Date "2009.08.18"]
[Round "4"]
[White "Punzenberger, Franz"]
[Black "Fraser Mitchell, Jeremy N"]
[Result "1-0"]
[WhiteElo "2201"]
[BlackElo "2025"]
[PlyCount "53"]
[EventDate "2009.08.15"]
[EventType "swiss"]
[EventRounds "9"]
[EventCountry "AUT"]
[SourceTitle "CBM 131 Extra"]
[Source "ChessBase"]
[SourceDate "2009.09.03"]
[SourceVersion "2"]
[SourceVersionDate "2009.09.16"]
[SourceQuality "1"]

1. d4 Nf6 2. c4 e5 3. dxe5 Ng4 4. Bf4 Nc6 5. Nf3 Bb4+ 6. Nbd2 Qe7 7. e3 Ngxe5 8. Nxe5 Nxe5 9. Be2 0-0 10. 0-0 d6 11. Nb3 b6 12. a3 Bc5 13. Nxc5 bxc5 14. b4 Nd7 15. Bg4 Bb7 16. Bxd7 Qxd7 17. bxc5 Qc6 18. Qd5 Qxd5 19. cxd5 dxc5 20. Rad1 Rac8 21. e4 Rfe8 22. Rfe1 c4 23. f3 f6 24. Kf2 Kf7 25. h4 Re7 26. Rb1 Ba6 27. Rb4 1-0

[Event "Donau op 17th"]
[Site "Aschach"]
[Date "2008.12.30"]
[Round "6"]
[White "Hebesberger, Thomas"]
[Black "Punzenberger, Franz"]
[Result "1-0"]
[WhiteElo "2354"]
[BlackElo "2182"]
[PlyCount "125"]
[EventDate "2008.12.26"]
[EventType "swiss"]
[EventRounds "7"]
[EventCountry "AUT"]
[SourceTitle "CBM 127 Extra"]
[Source "ChessBase"]
[SourceDate "2009.01.08"]
[SourceVersion "2"]
[SourceVersionDate "2009.01.28"]
[SourceQuality "1"]

1. c4 g6 2. d4 Nf6 3. Nc3 Bg7 4. e4 d6 5. Bd3 0-0 6. Nge2 Nc6 7. 0-0 e5 8. d5 Nd4 9. Bc2 Nxc2 10. Qxc2 c6 11. h3 cxd5 12. cxd5 Bd7 13. a4 Nh5 14. Be3 Qh4 15. f3 Nf4 16. Nxf4 exf4 17. Bf2 Qg5 18. Kh2 f5 19. Rfe1 Rfc8 20. Qb3 b6 21. a5 b5 22. a6 Be5 23. Rac1 fxe4 24. Nxe4 Qd8 25. Nc5 Kg7 26. Nd3 Qf6 27. Nxe5 dxe5 28. Qb4 Kh6 29. Rc3 Rxc3 30. Qxc3 Rc8 31. Qxe5 Qxe5 32. Rxe5 Rc2 33. Bxa7 Bc8 34. Bb8 Bxa6 35. Re6 Bc8 36. Bxf4+ Kg7 37. Rb6 Rc5 38. Rb8 Kf7 39. Be3 Rc2 40. Rxb5 Bd7 41. Rb7 Ke7 42. b4 Rb2 43. Bc5+ Kd8 44. Bb6+ Ke7 45. Rb8 Rd2 46. Rh8 h5 47. Rh7+ Ke8 48. Rh8+ Kf7 49. Rh7+ Ke8 50. Rg7 Bf5 51. Rg8+ Ke7 52. Bc5+ Kf6 53. d6 Bd7 54. h4 Bb5 55. Rb8 Bf1 56. Kg1 Bc4 57. b5 Ke6 58. b6 Rb2 59. Re8+ Kd7 60. Re7+ Kd8 61. Rg7 Rb5 62. Rc7 Bd5 63. Bf2 1-0

[Event "AUT-ch qual"]
[Site "Gmunden"]
[Date "2005.08.19"]
[Round "7"]
[White "Punzenberger, Franz"]
[Black "Steiner, Bruno"]
[Result "0-1"]
[WhiteElo "2197"]
[BlackElo "2287"]
[PlyCount "66"]
[EventDate "2005.08.13"]
[EventType "swiss"]
[EventRounds "9"]
[EventCountry "AUT"]
[SourceTitle "CBM 107 Extra"]
[Source "ChessBase"]
[SourceDate "2005.09.01"]
[SourceVersion "1"]
[SourceVersionDate "2005.09.01"]
[SourceQuality "1"]

1. d4 d5 2. c4 e6 3. Nc3 Nf6 4. Nf3 Be7 5. Bg5 0-0 6. e3 Ne4 7. Bxe7 Qxe7 8. Rc1 Nxc3 9. Rxc3 c6 10. Bd3 Nd7 11. Qc2 g6 12. cxd5 exd5 13. h4 Nf6 14. Rc5 Bd7 15. Kf1 Rae8 16. a3 Ng4 17. g3 Qd6 18. Qd2 Rxe3 19. fxe3 Qxg3 20. Ne5 Nxe3+ 21. Ke2 Bg4+ 22. Nxg4 Nxg4 23. Re1 Re8+ 24. Kd1 Rxe1+ 25. Qxe1 Qxd3+ 26. Kc1 Qxd4 27. Rc3 Nf2 28. Qe2 Ne4 29. Rf3 b5 30. Qf1 f5 31. Qe1 Kg7 32. h5 c5 33. Qa5 Qg1+ 0-1

[Event "AUT-ch qual"]
[Site "Gmunden"]
[Date "2005.08.15"]
[Round "3"]
[White "Gruber, Gernot"]
[Black "Punzenberger, Franz"]
[Result "0-1"]
[WhiteElo "2102"]
[BlackElo "2197"]
[PlyCount "122"]
[EventDate "2005.08.13"]
[EventType "swiss"]
[EventRounds "9"]
[EventCountry "AUT"]
[SourceTitle "CBM 107 Extra"]
[Source "ChessBase"]
[SourceDate "2005.09.01"]
[SourceVersion "1"]
[SourceVersionDate "2005.09.01"]
[SourceQuality "1"]

1. e4 d6 2. d4 Nf6 3. Nc3 g6 4. Nf3 Bg7 5. Be2 0-0 6. 0-0 Nbd7 7. h3 e5 8. dxe5 dxe5 9. Bg5 h6 10. Bh4 g5 11. Bg3 Nh5 12. Bxe5 Nxe5 13. Nxe5 Bxe5 14. Bxh5 Be6 15. Qe2 Qf6 16. Qf3 Rfd8 17. Qxf6 Bxf6 18. Rfd1 Bxc3 19. bxc3 Rxd1+ 20. Bxd1 Bc4 21. a3 Rd8 22. g3 Rd2 23. Kg2 Be2 24. Bxe2 Rxe2 25. Rb1 b6 26. Rb4 Rxc2 27. Rc4 c5 28. Kf3 f6 29. h4 Kf7 30. hxg5 hxg5 31. Ke3 Ke6 32. f3 Kd6 33. f4 b5 34. e5+ fxe5 35. fxe5+ Kc6 36. Kd3 Ra2 37. Re4 Kd7 38. e6+ Ke7 39. Re5 Rxa3 40. Rxg5 b4 41. Rxc5 b3 42. Re5 a5 43. g4 a4 44. Re1 Ra2 45. Kc4 b2 46. Rb1 Kxe6 47. Kd3 a3 48. c4 Ra1 49. Kc2 Ke5 50. g5 Kd4 51. g6 a2 52. Rxb2 Rc1+ 53. Kxc1 a1Q+ 54. Kc2 Qa4+ 55. Kd2 Qa5+ 56. Kc1 Qg5+ 57. Kc2 Qxg6+ 58. Kc1 Qg1+ 59. Kd2 Qe3+ 60. Kc2 Qd3+ 61. Kc1 Kc3 0-1

[Event "AUT-ch qual"]
[Site "Gmunden"]
[Date "2005.08.13"]
[Round "1"]
[White "Kuba, Guenter"]
[Black "Punzenberger, Franz"]
[Result "1-0"]
[WhiteElo "2383"]
[BlackElo "2197"]
[PlyCount "51"]
[EventDate "2005.08.13"]
[EventType "swiss"]
[EventRounds "9"]
[EventCountry "AUT"]
[SourceTitle "CBM 107 Extra"]
[Source "ChessBase"]
[SourceDate "2005.09.01"]
[SourceVersion "1"]
[SourceVersionDate "2005.09.01"]
[SourceQuality "1"]

1. e4 d6 2. d4 Nf6 3. Nc3 g6 4. Be3 Bg7 5. f3 c6 6. Qd2 Nbd7 7. Bh6 Bxh6 8. Qxh6 b5 9. 0-0-0 b4 10. Nce2 Qa5 11. Kb1 c5 12. Nc1 Qc7 13. dxc5 Nxc5 14. Nh3 Rb8 15. Ng5 Na4 16. Qg7 Rf8 17. Nb3 Nh5 18. Qxh7 d5 19. Rxd5 Bd7 20. Bd3 e6 21. Ra5 Qf4 22. Nh3 Qc7 23. e5 Ke7 24. Bxg6 Bb5 25. Qxh5 fxg6 26. Qg5+ 1-0